| 000 | nam a22 7a 4500 | ||
|---|---|---|---|
| 999 |
_c330178 _d330178 |
||
| 003 | NUST | ||
| 005 | 20170613092911.0 | ||
| 008 | 170613b xxu||||| |||| 00| 0 eng d | ||
| 040 | _c0 | ||
| 082 | _a330.95491 | ||
| 100 | _4Government of Pakistan | ||
| 245 |
_aPakistan Economic Survey 2016-17 _cGovernment of Pakistan |
||
| 260 |
_aIslamabad _bFinance division _c2017 |
||
| 300 | _a182p | ||
| 942 |
_2ddc _cBK |
||